| 000 | 03330nam a2200421 a 4500 | ||
|---|---|---|---|
| 001 | 000005694 | ||
| 003 | DO-SdBNP | ||
| 005 | 20250409141413.0 | ||
| 008 | 090821s2009 dr 000 0 spa d | ||
| 020 | _a9789945457063 (Tapa dura) | ||
| 020 | _a9789945437056 (Tapa blanda) | ||
| 040 |
_aDO-SdBNP _bspa _cBNPHU |
||
| 082 |
_a398.2097293 _bA553f, 2009 |
||
| 100 | 1 |
_aAndrade, Manuel José, _d1885-1941 _916084 |
|
| 240 | 1 | 0 |
_aFolk-lore from the Dominican Republic _lEspañol |
| 245 | 1 | 0 |
_aFolklore de la República Dominicana / _cManuel José Andrade ; [ presentación Daniel Toribio ; exordio Mariano Mella ; prólogo Rafael Julián]. |
| 250 | _a4a ed. | ||
| 260 |
_aSanto Domingo : _bBanreservas : _bSociedad Dominicana de Bibliófilos, _c2009. |
||
| 300 |
_a711 p. ; _c23 cm. |
||
| 490 | 1 |
_aBibliófilos-Banreservas _v7 |
|
| 500 | _aTítulo original en inglés : Folk-lore from the Dominican Republic. | ||
| 504 | _aIncluye referencias bibliográficas y notas al pie de las páginas. | ||
| 505 | 0 |
_tPresentación / _rDaniel Toribio -- _tExordio / _rMariano Mella -- _tPrólogo / _tRafael Julián -- _tPalabras preliminares -- _tPrefacio -- _tIntroducción -- _tLos principales informantes -- _tObservaciones acerca del lenguaje -- _tVocabulario -- _tCuentos -- _tEl ciclo de Juan Bobo -- _tLos hermanos Rivales -- _tEl vuelo mágico -- _tLa alfombra mágica y argumentos análogos -- _tEl hombre con los dientes de oro -- _tEl hermano y la hermana abandonados en el bosque matan a la bruja -- _tEl gato bondadoso -- _tBuquí y lapén -- _tLa serpiente de la siete cabezas -- _tPan y un beso gana la lucha con el monstruo -- _tLos tres perros rompen la cadena y acuden en ayuda -- _tEl hermano más joven captura el caballo de siete colores -- _tLa promesa funesta: dar un hijo al diablo -- _tEscuchando al tres brujas -- _tLos ladrones hábiles -- _tEl falso adivino -- _tLa sustitución de objetos sin valor por objetos mágicos -- _tLa cueva de los ladrones y las palabras mágicas -- _tLa princesa encantada -- _tLa sustracción traidora de perros por niños recien nacidos -- _tEl niño de Brea -- _tLa muchacha cuyo novio era un pez -- _tLa cenicienta -- _tLa muchacha más lista que el rey -- _tEl mono curioso en dificultades -- _tCuentos de hadas -- _tCuentos de heroísmo con seres sobrenaturales o monstruos -- _tCuentos de vindicación o protección mediante poderes sobrenaturales -- _tCuentos morales: muerte, fantasmas y el diablo -- _tHistoria referente a la divinidad cristiana -- _tCuentos de animales -- _tEpisodio novelescos -- _tCuentos de dinero y picardías -- _tCuento de ingenio y gracia -- _tAdivinanzas -- _tProverbios y decíres -- _tCreencias y costumbres. |
|
| 533 |
_aBasada en la tercera edición en español : _bSanto Domingo : _cEditora de Santo Domingo, _d1976. |
||
| 590 | _aInventariado, 2018/VM | ||
| 650 | 0 |
_aFolclore _zRepública Dominicana _933448 |
|
| 650 | 4 |
_aFolclore en la literatura _94697 |
|
| 650 | 4 |
_aCultura popular en la literatura _912596 |
|
| 650 | 4 |
_aLiteratura folclórica _91529 |
|
| 650 | 4 |
_aCulturas tradicionales _910920 |
|
| 650 | 4 |
_aIdentidad colectiva _91723 |
|
| 700 | 1 |
_aJulián, Rafael, _epról. _9481 |
|
| 700 | 1 |
_aToribio, Daniel _9588 |
|
| 700 | 1 |
_aMella, Mariano _92101 |
|
| 830 | 0 |
_aBibliófilos-Banreservas _n7 _916085 |
|
| 910 | _aValidado. Control de calidad.MMOLINA | ||
| 942 |
_2ddc _cLBS1 |
||
| 999 |
_c5491 _d5491 |
||